| 000 | 00946nam a2200277 a 4500 | ||
|---|---|---|---|
| 001 | 3385335 | ||
| 003 | ARRUPE | ||
| 005 | 20221117120450.0 | ||
| 008 | 891116r19881982mdu b 000 0 eng | ||
| 010 | _a 88062566 | ||
| 020 |
_a0870611593 : _c$7.95 |
||
| 028 | _bArrupe | ||
| 040 |
_aDLC _cDLC _dDLC |
||
| 050 | 0 | 0 |
_aBT695.5 _b.F3 1988 |
| 082 | 0 | 0 |
_a231.7 _220 |
| 100 | 1 |
_aFaricy, Robert L., _d1926- _951862 |
|
| 245 | 1 | 0 |
_aWind and sea obey him : _bapproaches to a theology of nature / _cRobert Faricy ; with a foreword by Mary Evelyn Jegen. |
| 250 | _a1st American ed. | ||
| 260 |
_aWestminster, MD : _bChristian Classics, _c1988. |
||
| 300 |
_axi, 81 p. ; _c20 cm. |
||
| 500 | _aReprint. Originally published: London : SCM Press, 1982. | ||
| 504 | _aIncludes bibliographical references. | ||
| 650 | 0 |
_aNature _xReligious aspects _xChristianity. _91869 |
|
| 906 |
_a7 _bcbc _corignew _d3 _eopcn _f19 _gy-gencatlg |
||
| 942 |
_2lcc _cMONOGRAPH |
||
| 999 |
_c131532 _d131532 |
||